Hedging Devices in the Representative Speech Act in English and Vietnamese /

সংরক্ষণ করুন:
গ্রন্থ-পঞ্জীর বিবরন
প্রধান লেখক: Nguyễn Dương Nguyên Trinh
বিন্যাস: অজ্ঞাত
ভাষা:English
প্রকাশিত: 2001.
বিষয়গুলি:
ট্যাগগুলো: ট্যাগ যুক্ত করুন
কোনো ট্যাগ নেই, প্রথমজন হিসাবে ট্যাগ করুন!
Thư viện lưu trữ: Mạng thư viện Đại học Đà Nẵng
LEADER 00805na a2200265 4500
001 000030795
003 4521
005 20221031091947.0
008 151001s2001 000 eng
082 |a 420.4  |b NG-T 
100 |a Nguyễn Dương Nguyên Trinh 
245 0 |a Hedging Devices in the Representative Speech Act in English and Vietnamese /  |c Nguyễn Dương Nguyên Trinh. 
260 |c 2001. 
300 |a 72tr. : mh ; 30cm. 
650 |a Hedging Devices in the Representative speech Act in English and Vietnamese 
852 |c Luận văn Thạc sĩ 
OWN |a LNN 
999 |a From the UDN01 
TYP |a Printed language 
980 |a Mạng thư viện Đại học Đà Nẵng